[Event "Washington op 2nd"]
[Site "Rockville"]
[Date "2013.08.07"]
[Round "4"]
[White "Kahn, Aaron E"]
[Black "Kaufman, Larry C"]
[Result "1/2-1/2"]
[WhiteElo "2266"]
[BlackElo "2332"]
[PlyCount "120"]
[EventDate "2013.08.06"]
[EventType "swiss"]
[EventRounds "9"]
[EventCountry "USA"]
[SourceTitle "EXT 2014"]
[Source "ChessBase"]
[SourceDate "2013.11.20"]
[SourceVersion "1"]
[SourceVersionDate "2013.11.20"]
[SourceQuality "1"]

1. d4 Nf6 2. c4 g6 3. g3 c5 4. d5 b5 5. cxb5 a6 6. bxa6 d6 7. Nc3 Bg7 8. Bg2 0-0 9. Nf3 Bf5 10. Nh4 Bd7 11. 0-0 Nxa6 12. Bd2 Qb6 13. Rb1 Rfb8 14. h3 Nc7 15. a3 Qb3 16. e4 Nfe8 17. f4 Qxd1 18. Rfxd1 Rb3 19. e5 Rab8 20. Ne4 Rxb2 21. Rxb2 Rxb2 22. Ba5 Nb5 23. Bd8 Kf8 24. a4 Nd4 25. a5 Bb5 26. Nc3 Ba6 27. Na4 Ra2 28. Nb6 Ne2+ 29. Kh2 c4 30. Nd7+ Kg8 31. Rb1 Bc8 32. Nb6 c3 33. Nxc8 c2 34. Nxe7+ Kf8 35. Re1 c1Q 36. Rxc1 Nxc1 37. Nc6 Nd3 38. Be7+ Kg8 39. exd6 Nc5 40. Nf3 Bf8 41. Nfd4 Nxd6 42. Bxd6 Bxd6 43. Nb5 Nb7 44. Nxd6 Nxd6 45. g4 Nc4 46. Kg3 Nxa5 47. Ne5 Rd2 48. g5 Nb7 49. Ng4 Nd6 50. Nf6+ Kg7 51. Bf1 h6 52. Kf3 hxg5 53. fxg5 Kf8 54. Ke3 Rb2 55. Kf3 Ke7 56. Bd3 Rd2 57. Ba6 Nf5 58. Bc8 Nd6 59. Bg4 Nc4 60. Ke4 Rf2 1/2-1/2

[Event "Pan American Intercollegiate-chT"]
[Site "South Padre Island"]
[Date "2009.12.28"]
[Round "2"]
[White "Kahn, Aaron E"]
[Black "Gareyev, Timur"]
[Result "1/2-1/2"]
[WhiteElo "2197"]
[BlackElo "2590"]
[PlyCount "65"]
[EventDate "2009.12.27"]
[EventType "team-swiss"]
[EventRounds "6"]
[EventCountry "USA"]
[SourceTitle "CBM 134 Extra"]
[Source "ChessBase"]
[SourceDate "2010.03.03"]
[SourceVersion "1"]
[SourceVersionDate "2010.03.03"]
[SourceQuality "1"]

1. c4 g6 2. g3 Bg7 3. Bg2 c5 4. Nc3 Nc6 5. a3 d6 6. Rb1 a5 7. d3 e6 8. Nf3 Nge7 9. 0-0 0-0 10. Bd2 b6 11. Ne1 d5 12. Nc2 d4 13. Nb5 a4 14. e3 dxe3 15. Bxe3 e5 16. b4 axb3 17. Rxb3 Ra6 18. Bg5 f6 19. Bc1 Na5 20. Rb2 Be6 21. Ne3 f5 22. Rd2 f4 23. Nd5 Nxd5 24. cxd5 Bd7 25. Nc3 Bf5 26. Re1 Kh8 27. Bb2 c4 28. d4 exd4 29. Rxd4 fxg3 30. hxg3 Bd3 31. Rxd3 cxd3 32. Qxd3 b5 33. Bc1 1/2-1/2

[Event "USA tt"]
[Site "ICC INT"]
[Date "2008.09.08"]
[Round "3"]
[White "Kahn, Aaron E"]
[Black "Bapat, Udayan"]
[Result "1/2-1/2"]
[WhiteElo "2203"]
[BlackElo "2110"]
[PlyCount "73"]
[EventDate "2008.10.22"]
[EventType "team"]
[EventRounds "10"]
[EventCountry "USA"]
[SourceTitle "CBM 126 Extra"]
[Source "ChessBase"]
[SourceDate "2008.11.05"]
[SourceVersion "1"]
[SourceVersionDate "2008.11.05"]
[SourceQuality "1"]

1. d4 Nf6 2. Bg5 e6 3. e3 h6 4. Bf4 b6 5. Nf3 Bb7 6. Nbd2 d6 7. Bd3 Nbd7 8. Qe2 g5 9. Bg3 Nh5 10. e4 Bg7 11. c3 Qe7 12. Nc4 g4 13. Nfd2 Nxg3 14. hxg3 h5 15. a4 a6 16. f4 gxf3 17. gxf3 h4 18. gxh4 Rxh4 19. 0-0-0 0-0-0 20. Ne3 a5 21. Ng2 Rxh1 22. Rxh1 Rh8 23. Rxh8+ Bxh8 24. f4 e5 25. fxe5 dxe5 26. d5 Bf6 27. Ne3 Nc5 28. Nf5 Qd7 29. Bb5 c6 30. Nc4 Kc7 31. dxc6 Bxc6 32. Bxc6 Qxc6 33. Nfd6 Qxa4 34. Qh5 Qd7 35. Qxf7 Qxf7 36. Nxf7 Nxe4 37. Ncxe5 1/2-1/2

[Event "Lansing op"]
[Site "Lansing"]
[Date "2004.09.06"]
[Round "7"]
[White "Smith, Michael A"]
[Black "Kahn, Aaron E"]
[Result "0-1"]
[WhiteElo "1889"]
[BlackElo "2066"]
[PlyCount "52"]
[EventDate "2004.09.03"]
[EventType "swiss"]
[EventRounds "7"]
[EventCountry "USA"]
[SourceTitle "EXT 2007"]
[Source "ChessBase"]
[SourceDate "2006.11.23"]
[SourceVersion "1"]
[SourceVersionDate "2006.11.23"]
[SourceQuality "1"]

1. e4 c5 2. Nf3 d6 3. d4 cxd4 4. Nxd4 Nf6 5. Nc3 a6 6. Bg5 e6 7. f4 Nc6 8. Nxc6 bxc6 9. e5 h6 10. Bxf6 gxf6 11. exd6 Rb8 12. Rb1 Bxd6 13. Qf3 Qc7 14. g3 f5 15. Bg2 Bb7 16. 0-0 h5 17. h3 Ke7 18. Nd1 Rbg8 19. Ne3 h4 20. g4 fxg4 21. hxg4 h3 22. Bxh3 c5 23. Qg3 c4 24. Bg2 Bc5 25. g5 Rh5 26. Bxb7 Rhxg5 0-1

[Event "Lansing op"]
[Site "Lansing"]
[Date "2004.09.04"]
[Round "2"]
[White "Kahn, Aaron E"]
[Black "Kleist, Frederick"]
[Result "1-0"]
[WhiteElo "2066"]
[BlackElo "2083"]
[PlyCount "95"]
[EventDate "2004.09.03"]
[EventType "swiss"]
[EventRounds "7"]
[EventCountry "USA"]
[SourceTitle "EXT 2007"]
[Source "ChessBase"]
[SourceDate "2006.11.23"]
[SourceVersion "1"]
[SourceVersionDate "2006.11.23"]
[SourceQuality "1"]

1. c4 Nf6 2. g3 c6 3. Bg2 d5 4. Nf3 Bf5 5. 0-0 Nbd7 6. b3 e6 7. Bb2 Be7 8. d3 h6 9. Nbd2 0-0 10. Qc2 Bh7 11. a3 a5 12. Bc3 c5 13. Rab1 Qc7 14. cxd5 Nxd5 15. Ba1 Rfc8 16. Ne4 b5 17. Qb2 Bf8 18. Rbc1 Qb6 19. Nfd2 Rab8 20. Nc3 Nxc3 21. Qxc3 Qa6 22. Rfd1 a4 23. bxa4 Qxa4 24. Nf1 Nb6 25. Ne3 Bg6 26. g4 c4 27. Qe5 cxd3 28. Rxc8 Rxc8 29. exd3 Rc5 30. Qb2 Rg5 31. Qd4 Qxd4 32. Bxd4 Na4 33. h4 Rc5 34. Bxc5 Bxc5 35. h5 Bh7 36. Be4 Bxe4 37. dxe4 Bxa3 38. Rd8+ Kh7 39. Rb8 Nc3 40. Nc2 Bc5 41. Kg2 Nxe4 42. Rxb5 f5 43. f3 Nf6 44. Rxc5 fxg4 45. fxg4 Nxg4 46. Kf3 Nf6 47. Ne3 g5 48. Rc7+ 1-0

[Event "Florida Denker op"]
[Site "Florida"]
[Date "2004.08.11"]
[Round "4"]
[White "Spencer, Cris"]
[Black "Kahn, Aaron E"]
[Result "0-1"]
[WhiteElo "1780"]
[BlackElo "2066"]
[PlyCount "54"]
[EventDate "2004.08.08"]
[EventType "swiss"]
[EventRounds "6"]
[EventCountry "USA"]
[EventCategory "1"]
[SourceTitle "EXT 2006"]
[Source "ChessBase"]
[SourceDate "2005.11.24"]
[SourceVersion "1"]
[SourceVersionDate "2005.11.24"]
[SourceQuality "1"]

1. e4 c5 2. Nf3 d6 3. d4 cxd4 4. Nxd4 Nf6 5. Nc3 a6 6. Bg5 e6 7. f4 Nc6 8. Nxc6 bxc6 9. Qf3 Qb6 10. Rb1 d5 11. e5 Nd7 12. Bh4 Bc5 13. Bd3 Bd4 14. Kd2 c5 15. Ne2 Bxe5 16. fxe5 Qb4+ 17. c3 Qxh4 18. g3 Nxe5 19. Qe3 Nc4+ 20. Bxc4 Qxc4 21. Qg5 0-0 22. Rhf1 f6 23. Qh5 e5 24. h3 a5 25. b3 Qe4 26. Rbe1 g6 27. Qh6 Bf5 0-1

[Event "Kalamazoo op1"]
[Site "Kalamazoo"]
[Date "2003.08.31"]
[Round "4.3"]
[White "Gabbara, Faris"]
[Black "Kahn, Aaron E"]
[Result "1-0"]
[WhiteElo "2081"]
[BlackElo "1921"]
[PlyCount "63"]
[EventDate "2003.08.29"]
[EventType "swiss"]
[EventRounds "7"]
[EventCountry "USA"]
[SourceTitle "EXT 2007"]
[Source "ChessBase"]
[SourceDate "2006.11.23"]
[SourceVersion "1"]
[SourceVersionDate "2006.11.23"]
[SourceQuality "1"]

1. d4 Nf6 2. Nf3 g6 3. g3 Bg7 4. Bg2 0-0 5. 0-0 d6 6. c4 c5 7. d5 Na6 8. Nc3 Nc7 9. e4 a6 10. a4 Rb8 11. a5 e6 12. Qc2 Re8 13. Re1 exd5 14. cxd5 Bg4 15. Bf4 Nh5 16. Be3 Bc8 17. Nd2 b5 18. axb6 Rxb6 19. Nc4 Rb4 20. Ne2 Rb8 21. h3 f5 22. Nf4 Nxf4 23. Bxf4 Nb5 24. h4 fxe4 25. Bxe4 Rf8 26. Bg5 Bf6 27. Bxg6 hxg6 28. Qxg6+ Kh8 29. Re8 Qxe8 30. Bxf6+ Rxf6 31. Qxe8+ Kg7 32. Re1 1-0

[Event "Kalamazoo op1"]
[Site "Kalamazoo"]
[Date "2003.08.31"]
[Round "5.7"]
[White "Kahn, Aaron E"]
[Black "Balan, Alex"]
[Result "1/2-1/2"]
[WhiteElo "1921"]
[BlackElo "1826"]
[PlyCount "66"]
[EventDate "2003.08.29"]
[EventType "swiss"]
[EventRounds "7"]
[EventCountry "USA"]
[SourceTitle "EXT 2007"]
[Source "ChessBase"]
[SourceDate "2006.11.23"]
[SourceVersion "1"]
[SourceVersionDate "2006.11.23"]
[SourceQuality "1"]

1. e4 e6 2. d3 d5 3. Nd2 Nf6 4. Ngf3 b6 5. e5 Nfd7 6. d4 c5 7. c3 Ba6 8. Bxa6 Nxa6 9. 0-0 Be7 10. Ne1 0-0 11. f4 f5 12. g4 Qe8 13. gxf5 Rxf5 14. Ng2 g6 15. Ne3 Rf8 16. Qg4 Nc7 17. f5 exf5 18. Nxf5 Kh8 19. Ng3 Rxf1+ 20. Ndxf1 Nf8 21. Bh6 Qd7 22. Qxd7 Nxd7 23. Ne3 Bf8 24. Bxf8 Rxf8 25. Rf1 Kg7 26. Ne2 Rxf1+ 27. Kxf1 cxd4 28. cxd4 Nf8 29. Nc3 Nfe6 30. Nc2 g5 31. Kf2 Nf4 32. Ke3 Ng2+ 33. Kf3 Nf4 1/2-1/2

[Event "Kalamazoo op1"]
[Site "Kalamazoo"]
[Date "2003.08.30"]
[Round "2.1"]
[White "Kahn, Aaron E"]
[Black "Hahn, David"]
[Result "1/2-1/2"]
[WhiteElo "1921"]
[BlackElo "2165"]
[PlyCount "42"]
[EventDate "2003.08.29"]
[EventType "swiss"]
[EventRounds "7"]
[EventCountry "USA"]
[SourceTitle "EXT 2007"]
[Source "ChessBase"]
[SourceDate "2006.11.23"]
[SourceVersion "1"]
[SourceVersionDate "2006.11.23"]
[SourceQuality "1"]

1. e4 d6 2. d4 Nf6 3. Nc3 g6 4. Be3 c6 5. Qd2 b5 6. Bd3 Nbd7 7. Nf3 Qc7 8. 0-0 Bg7 9. Bh6 0-0 10. Bxg7 Kxg7 11. Ne2 Nb6 12. e5 dxe5 13. dxe5 Ng4 14. Qf4 Nd5 15. Qg3 Nh6 16. Nfd4 a6 17. Be4 e6 18. Nf4 Nxf4 19. Qxf4 Bb7 20. Qf6+ Kg8 21. Qg5 Kg7 1/2-1/2

[Event "Motor City op"]
[Site "Warren"]
[Date "2002.12.01"]
[Round "6"]
[White "Mazuchowski, Tom"]
[Black "Kahn, Aaron E"]
[Result "0-1"]
[WhiteElo "2000"]
[BlackElo "1858"]
[PlyCount "76"]
[EventDate "2002.11.29"]
[EventType "swiss"]
[EventRounds "7"]
[EventCountry "USA"]
[SourceTitle "EXT 2009"]
[Source "ChessBase"]
[SourceDate "2008.11.26"]
[SourceVersion "1"]
[SourceVersionDate "2008.11.26"]
[SourceQuality "1"]

1. f4 d5 2. Nf3 Nf6 3. e3 c5 4. b3 g6 5. Bb2 Bg7 6. Be2 Nc6 7. 0-0 0-0 8. Ne5 Qc7 9. Bf3 Rd8 10. Nxc6 bxc6 11. Be5 Qd7 12. Qe2 a5 13. d3 a4 14. Nd2 Ba6 15. bxa4 c4 16. dxc4 dxc4 17. Rfd1 c3 18. Nc4 Qe6 19. Qe1 Qxc4 20. Qxc3 Qxc3 21. Bxc3 Nd5 22. Bxg7 Kxg7 23. Kf2 f5 24. Rd4 e6 25. Rad1 Rdb8 26. Kg3 Rb2 27. c4 c5 28. cxd5 cxd4 29. dxe6 Re8 30. Rxd4 Rxe6 31. Rd7+ Kh6 32. Bd5 Rxe3+ 33. Kh4 Rb4 34. g3 g5+ 35. Kh3 Bf1+ 36. Bg2 g4+ 37. Kh4 Bxg2 38. Rd6+ Kg7 0-1

[Event "Lansing op"]
[Site "Lansing"]
[Date "2002.08.31"]
[Round "2"]
[White "Kahn, Aaron E"]
[Black "Jarosz, Stanley J Jr"]
[Result "1-0"]
[WhiteElo "1821"]
[BlackElo "1964"]
[PlyCount "56"]
[EventDate "2002.08.30"]
[EventType "swiss"]
[EventRounds "7"]
[EventCountry "USA"]
[SourceTitle "EXT 2007"]
[Source "ChessBase"]
[SourceDate "2006.11.23"]
[SourceVersion "1"]
[SourceVersionDate "2006.11.23"]
[SourceQuality "1"]

1. c4 e6 2. g3 d5 3. Bg2 Nf6 4. Nf3 Be7 5. d4 0-0 6. 0-0 Nbd7 7. Qc2 c6 8. Nbd2 b6 9. e4 dxe4 10. Nxe4 Bb7 11. Nxf6+ Bxf6 12. Bf4 h6 13. Rad1 Qc8 14. b3 c5 15. d5 exd5 16. cxd5 Re8 17. Nd2 Be5 18. Nc4 Bxf4 19. gxf4 Qb8 20. Qf5 Nf6 21. Ne5 Qd6 22. Nc4 Qd8 23. Rd2 g6 24. Qd3 Nh5 25. Qh3 Qf6 26. f5 Qg5 27. Nd6 Re7 28. fxg6 fxg6 1-0

[Event "Flint Summer Scholastic op"]
[Site "Flint"]
[Date "2002.08.03"]
[Round "2"]
[White "Thach, Scott"]
[Black "Kahn, Aaron E"]
[Result "0-1"]
[WhiteElo "1141"]
[BlackElo "1821"]
[PlyCount "44"]
[EventDate "2002.08.03"]
[EventType "swiss"]
[EventRounds "5"]
[EventCountry "USA"]
[SourceTitle "EXT 2009"]
[Source "ChessBase"]
[SourceDate "2008.11.26"]
[SourceVersion "1"]
[SourceVersionDate "2008.11.26"]
[SourceQuality "1"]

1. e4 d5 2. exd5 Nf6 3. c4 e6 4. dxe6 Bxe6 5. b3 Bc5 6. Nf3 Nc6 7. Nc3 Qe7 8. Be2 0-0-0 9. 0-0 Rhg8 10. Re1 g5 11. Bf1 g4 12. Ne5 Nxe5 13. Rxe5 Qd6 14. Re2 g3 15. hxg3 Qxg3 16. Re3 Bxe3 17. dxe3 Qh4 18. Be2 Rxd1+ 19. Nxd1 Bh3 20. Bf3 Bxg2 21. Bxg2 Qg4 22. Kf1 Qxd1# 0-1

[Event "Flint op 07"]
[Site "Flint"]
[Date "2002.07.28"]
[Round "4"]
[White "Kahn, Aaron E"]
[Black "Everett, Morgan"]
[Result "1/2-1/2"]
[WhiteElo "1800"]
[BlackElo "2077"]
[PlyCount "59"]
[EventDate "2002.07.27"]
[EventType "swiss"]
[EventRounds "5"]
[EventCountry "USA"]
[SourceTitle "EXT 2009"]
[Source "ChessBase"]
[SourceDate "2008.11.26"]
[SourceVersion "1"]
[SourceVersionDate "2008.11.26"]
[SourceQuality "1"]

1. c4 Nf6 2. g3 g6 3. Bg2 Bg7 4. Nc3 0-0 5. e4 d6 6. Nge2 e5 7. d3 Nc6 8. 0-0 Be6 9. Nd5 Ne8 10. Be3 f5 11. exf5 gxf5 12. f4 Nf6 13. fxe5 dxe5 14. Nec3 Nd4 15. Bxd4 exd4 16. Nxf6+ Bxf6 17. Ne2 c6 18. Nf4 Bf7 19. Bh3 Qa5 20. Qf3 Rae8 21. Ng2 Bg7 22. Qxf5 Qxf5 23. Rxf5 Re2 24. Raf1 Bg6 25. Rxf8+ Bxf8 26. Nf4 Re3 27. Be6+ Kg7 28. Nxg6 hxg6 29. Rf7+ Kg8 30. Rf6+ 1/2-1/2

[Event "Flint op 07"]
[Site "Flint"]
[Date "2002.07.27"]
[Round "2"]
[White "Aldrich, Justin M"]
[Black "Kahn, Aaron E"]
[Result "0-1"]
[WhiteElo "1646"]
[BlackElo "1800"]
[PlyCount "88"]
[EventDate "2002.07.27"]
[EventType "swiss"]
[EventRounds "5"]
[EventCountry "USA"]
[SourceTitle "EXT 2009"]
[Source "ChessBase"]
[SourceDate "2008.11.26"]
[SourceVersion "1"]
[SourceVersionDate "2008.11.26"]
[SourceQuality "1"]

1. e4 Nf6 2. Nc3 d5 3. exd5 Nxd5 4. Nxd5 Qxd5 5. Nf3 c5 6. b3 Nc6 7. Bc4 Qe4+ 8. Be2 Bf5 9. d3 Qd5 10. 0-0 e5 11. Re1 Be7 12. Bb2 f6 13. Nd2 Qd7 14. Bh5+ g6 15. Bf3 Nd4 16. Bxd4 cxd4 17. Nc4 Rc8 18. a4 0-0 19. h3 Bb4 20. Rf1 Be6 21. Be2 Qc7 22. Qc1 a6 23. Ra2 b5 24. axb5 axb5 25. Nd2 Ra8 26. Rxa8 Rxa8 27. f4 Ra2 28. Bd1 Qa5 29. Ne4 Ra1 30. Qb2 Bc3 31. b4 Bxb2 32. bxa5 Kg7 33. fxe5 fxe5 34. Nc5 Bf7 35. Nb7 Ba3 36. Bf3 Ra2 37. Rf2 Bb4 38. Bc6 Bxa5 39. Bxb5 Rb2 40. Nd6 Ba2 41. Bc4 Be1 42. Re2 Bg3 43. Bxa2 Rxa2 44. Ne4 Ra1+ 0-1

[Event "Auburn Hills op"]
[Site "Auburn Hills"]
[Date "2002.04.26"]
[Round "1"]
[White "Moore, Robert"]
[Black "Kahn, Aaron E"]
[Result "0-1"]
[WhiteElo "1600"]
[BlackElo "1727"]
[PlyCount "50"]
[EventDate "2002.04.26"]
[EventType "swiss"]
[EventRounds "5"]
[EventCountry "USA"]
[SourceTitle "EXT 2007"]
[Source "ChessBase"]
[SourceDate "2006.11.23"]
[SourceVersion "1"]
[SourceVersionDate "2006.11.23"]
[SourceQuality "1"]

1. e4 c5 2. Nf3 d6 3. d4 cxd4 4. Nxd4 Nf6 5. Nc3 a6 6. f4 e5 7. Nf3 Nbd7 8. fxe5 dxe5 9. Bg5 Be7 10. Bc4 Qc7 11. Qe2 h6 12. Be3 0-0 13. 0-0-0 b5 14. Bb3 Bb7 15. Nd5 Nxd5 16. Bxd5 Nf6 17. Bxb7 Qxb7 18. Nxe5 Qxe4 19. Nd3 Ng4 20. Rde1 Nxe3 21. Qxe3 Qxe3+ 22. Rxe3 Bg5 23. Rhe1 Rfe8 24. Kd2 Rxe3 25. Rxe3 Re8 0-1

[Event "Lansing op"]
[Site "Lansing"]
[Date "2001.09.02"]
[Round "4"]
[White "Kahn, Aaron E"]
[Black "Carr, Jay A"]
[Result "1-0"]
[WhiteElo "1474"]
[BlackElo "1600"]
[PlyCount "25"]
[EventDate "2001.08.31"]
[EventType "swiss"]
[EventRounds "7"]
[EventCountry "USA"]
[SourceTitle "EXT 2007"]
[Source "ChessBase"]
[SourceDate "2006.11.23"]
[SourceVersion "1"]
[SourceVersionDate "2006.11.23"]
[SourceQuality "1"]

1. e4 c5 2. c3 Nf6 3. e5 Nd5 4. d4 e6 5. Nf3 Nc6 6. c4 Nb6 7. d5 exd5 8. cxd5 Ne7 9. d6 Ng6 10. Nc3 h6 11. Nd5 f6 12. Nc7+ Kf7 13. Qb3+ 1-0

[Event "Lansing op"]
[Site "Lansing"]
[Date "2001.09.01"]
[Round "2"]
[White "Kahn, Aaron E"]
[Black "Homa, Seth"]
[Result "0-1"]
[WhiteElo "1474"]
[BlackElo "1551"]
[PlyCount "81"]
[EventDate "2001.08.31"]
[EventType "swiss"]
[EventRounds "7"]
[EventCountry "USA"]
[SourceTitle "EXT 2007"]
[Source "ChessBase"]
[SourceDate "2006.11.23"]
[SourceVersion "1"]
[SourceVersionDate "2006.11.23"]
[SourceQuality "1"]

1. e4 c5 2. Nf3 d6 3. c3 Nc6 4. d4 cxd4 5. cxd4 e6 6. Nc3 Nf6 7. Be2 Be7 8. 0-0 0-0 9. a3 a6 10. Bg5 h6 11. Bh4 b5 12. b4 Bb7 13. Re1 Rc8 14. Rc1 Nb8 15. Bd3 Nbd7 16. Bg3 Nh5 17. e5 Nxg3 18. hxg3 d5 19. Bb1 Nb6 20. Qd3 g6 21. Nh2 Kg7 22. Ne2 Rxc1 23. Rxc1 Nc4 24. Nf4 Qe8 25. Ng4 Rh8 26. Re1 h5 27. Nh2 Bg5 28. Nh3 Be7 29. g4 hxg4 30. Nxg4 Rh4 31. Qg3 Qh8 32. Nh2 Rxd4 33. Nf4 Qh6 34. Ne2 Rd2 35. Nf1 Bh4 36. Qc3 d4 37. Qh3 Rb2 38. Rd1 Rxe2 39. g3 Bg5 40. Qxh6+ Bxh6 41. Rxd4 0-1